Lives of a cell: notes of a biology watcher (Record no. 224829)

MARC details
000 -LEADER
fixed length control field 01262nam a22002417a 4500
005 - DATE AND TIME OF LATEST TRANSACTION
control field 20221013100156.0
008 - FIXED-LENGTH DATA ELEMENTS--GENERAL INFORMATION
fixed length control field 221013b ||||| |||| 00| 0 eng d
020 ## - INTERNATIONAL STANDARD BOOK NUMBER
International Standard Book Number 0553245627
040 ## - CATALOGING SOURCE
Transcribing agency AL
041 ## - LANGUAGE CODE
Language code of text/sound track or separate title eng
082 ## - DEWEY DECIMAL CLASSIFICATION NUMBER
Edition number 23
Classification number 570.1
Item number THOL
100 ## - MAIN ENTRY--PERSONAL NAME
Personal name Lewis Thomas
100 ## - MAIN ENTRY--PERSONAL NAME
9 (RLIN) 59467
245 ## - TITLE STATEMENT
Title Lives of a cell: notes of a biology watcher
260 ## - PUBLICATION, DISTRIBUTION, ETC.
Place of publication, distribution, etc. Toronto
Name of publisher, distributor, etc. Bantam Books
Date of publication, distribution, etc. 1984
300 ## - PHYSICAL DESCRIPTION
Extent viii,180p.
Other physical details PB
Dimensions 17x10cm.
365 ## - TRADE PRICE
Source of price type code Science
520 ## - SUMMARY, ETC.
Summary, etc. Elegant, suggestive, and clarifying, Lewis Thomas's profoundly humane vision explores the world around us and examines the complex interdependence of all things. Extending beyond the usual limitations of biological science and into a vast and wondrous world of hidden relationships, this provocative book explores in personal, poetic essays to topics such as computers, germs, language, music, death, insects, and medicine. Lewis Thomas writes, "Once you have become permanently startled, as I am, by the realization that we are a social species, you tend to keep an eye out for the pieces of evidence that this is, by and large, good for us."<br/>
650 ## - SUBJECT ADDED ENTRY--TOPICAL TERM
Topical term or geographic name entry element Science
9 (RLIN) 59468
650 ## - SUBJECT ADDED ENTRY--TOPICAL TERM
Topical term or geographic name entry element Organisms
9 (RLIN) 59469
650 ## - SUBJECT ADDED ENTRY--TOPICAL TERM
Topical term or geographic name entry element Germs
9 (RLIN) 59470
700 ## - ADDED ENTRY--PERSONAL NAME
Personal name THOMAS (Lewis)
9 (RLIN) 59471
942 ## - ADDED ENTRY ELEMENTS (KOHA)
Source of classification or shelving scheme Dewey Decimal Classification
Koha item type George Fernandes Collections
Holdings
Withdrawn status Lost status Source of classification or shelving scheme Damaged status Not for loan Collection code Home library Current library Date acquired Total Checkouts Full call number Barcode Date last seen Date last checked out Price effective from Koha item type
    Dewey Decimal Classification     Others St Aloysius Library St Aloysius Library 03/24/2013 1 570.1 THOL GF03606 01/02/2024 12/16/2023 10/13/2022 George Fernandes Collections